000 00808cab a2200217 4500
001 WB3235-05
008 090401t1996 xxu||||| |||| 00| 0 eng d
035 _a(Sirsi) u1315
041 _aeng
245 _aCommercial property transfer code
260 _c1996
350 _a0
490 _aRICS Press Release
_v(PR116.comm) 19 September 1996 (3)
520 _aRICS endorses the Investment Property Forum`s (IPF) new code of practice on the streamlining of commercial property transactions. The RICS commercial and town centre management practice panel urges members to adopt the code.
650 _aCOMMERCIAL PROPERTY TRANSFER
650 _aABOUT RICS-RELATED ORGANISATIONS-INVESTMENT PROPERTY FORUM
650 _aRICS
690 _aPROPERTY-COMMERCIAL PROPERTY
942 _n0
948 _c04/03/1997
999 _c720
_d720